The joy of sumo : (Record no. 13154)

000 -LEADER
fixed length control field 00497cam a2200193Ia 4500
020 ## - INTERNATIONAL STANDARD BOOK NUMBER
ISBN 0804816794
020 ## - INTERNATIONAL STANDARD BOOK NUMBER
ISBN 9780804816793
040 ## - CATALOGING SOURCE
Transcribing agency OLY
082 04 - DEWEY DECIMAL CLASSIFICATION NUMBER
Classification number 796 CHA 1991 A087 Or.
100 1# - MAIN ENTRY--AUTHOR NAME
Personal name Benjamin, David.
245 14 - TITLE STATEMENT
Title The joy of sumo :
Remainder of title a fan's guide /
250 ## - EDITION STATEMENT
Edition statement 1st ed.
260 ## - PUBLICATION, DISTRIBUTION, ETC. (IMPRINT)
Place of publication Rutland, Vt. :
Name of publisher Charles E. Tuttle Co.,
Year of publication 1991.
300 ## - PHYSICAL DESCRIPTION
Number of Pages 293 p. :
Other physical details ill. ;
Dimensions 18 cm.
500 ## - GENERAL NOTE
General note Includes glossary (p. 289-293).
650 #0 - SUBJECT ADDED ENTRY--TOPICAL TERM
Topical Term Sumo.
650 #0 - SUBJECT ADDED ENTRY--TOPICAL TERM
Topical Term Wrestling.
942 ## - ADDED ENTRY ELEMENTS (KOHA)
Koha item type សៀវភៅភាសាអង់គ្លេស
952 ## - LOCATION AND ITEM INFORMATION (KOHA)
Withdrawn status [LOCAL, KOHA] 0
Holdings
Permanent Location Date acquired Koha item type Lost status Shelving location Barcode Current Location Full call number
Library Block A2017-08-20សៀវភៅភាសាអង់គ្លេស A087a15699Library Block A796 CHA 1991 A087 Or.
មជ្ឈមណ្ឌលឯការនៃសាកលវិទ្យាល័យភូមិន្ទកសិកម្មចំការដូង

Powered by Koha